01059nam a2200301 a 4500003000900000005001700009008004100026040001300067110005900080245009100139260008600230300002000316500005200336650002500388650002300413650002400436650002200460650002200482650002100504650002800525650001500553655001500568700003200583942000700615998001100622999001500633952010900648AR-BaBNM20251128204000.0082120s2002 ||||||||||||||000 | spa|| cAR-BaBNM2 aInstituto de Letras [Universidad Nacional del Litoral]00aProyección del rosismo en la literatura argentinabseminario del Instituto de Letras aRosariobUniversidad Nacional del LitoralbFacultad de Filosofía y Letrasc1959 a245 p.bláms. aContiene referencias bibliográficas en p. 238 4aLITERATURA ARGENTINA 4aHISTORIA ARGENTINA 4aSOCIOLOGIA CULTURAL 4aCRITICA LITERARIA 4aROSAS Y SU TIEMPO 4aSIGLO DIECINUEVE 4aREACCIONES CONTRA ROSAS 4aESCRITORES aLITERATURA1 aPrieto, Adolfoeprologuista cBK cMARTIN c5705d5705 00102ddc405171aLPLbLPLd2025-11-28l0o860[82].09 PRIp056306r2025-11-28 20:40:00w2025-11-28yBK